000 00382nam a2200121 4500
999 _c12195
_d12195
008 190118b ||||| |||| 00| 0 eng d
100 _934527
_aChavez, Chito A.
245 _aPDEA to public: be on the lookout for shabu labs in the neighborhood/
_cChito A. Chavez
260 _aPhilippines
_bManila Bulletin
_cc2018
300 _apage 4.
650 0 _934528
_aDrugs.
942 _2ddc
_cPER